| 000 | 00537nam a22001697a 4500 | ||
|---|---|---|---|
| 005 | 20251108164221.0 | ||
| 008 | 250721s1986 xx 000 0 ara d | ||
| 082 | 1 | 4 | _a302,2/موس |
| 100 | 1 | _aالموسى، عصام سليمان | |
| 245 | 1 | 0 | _aالمدخل في الإتصال الجماهيري / |
| 264 | 1 |
_aاربد : _bمكتبة الكتاني، _c1986. |
|
| 300 | _a303ص : مص | ||
| 650 | 1 | 7 | _aالإتصال الجماهيري |
| 650 | 1 | 7 | _aوسائل الإتصال الجماهيري |
| 942 |
_2ddc _cBK |
||
| 999 |
_c6604 _d6604 |
||